000 00408nam a22001577a 4500
020 _a978-81-7381-820
082 _a823
_bGRA/W
100 _aGRAHAME, KENNETH
245 _aTHE WIND IN THE WILLOWS
_bSHORT STORY
246 _aTHE WIND IN THE WILLOWS
_bSHORT STORY
260 _aKOLKATA
_bNEW CENTRAL BOOK GENCY (P) LTD
_c2012
300 _a118
520 _aSHORT STORY
650 _aSHORT STORY
942 _cBK
999 _c2964
_d2964